Sports Quiz

Random Sports or MLB Quiz
Score 0/40 Timer 10:00
0 Plays Today
Record Name % Correct
1065-1176Frank Robinson
79.6%
2326-1997Joe Torre
74.6%
273-364Ted Williams
73.7%
179-145Matt Williams
73.5%
1863-1636Dusty Baker
60.4%
464-530Mel Ott
54.8%
722-733*Don Mattingly
52.7%
484-444Yogi Berra
51.4%
353-375Kirk Gibson
39.2%
149-161Eddie Mathews
38.7%
119-159Ryne Sandberg
37.6%
305-343Paul Molitor
35.1%
627-689Don Baylor
29.9%
1033-1021Felipe Alou
26.7%
660-753Gil Hodges
24.7%
701-812Rogers Hornsby
22.8%
93-133Frank Howard
22.6%
187-302Alan Trammell
22.5%
74-84Tony Perez
22.1%
375-435Robin Ventura
21.8%
Record Name % Correct
519-724Buddy Bell
16%
171-170Cecil Cooper
11.2%
399-473Hal McRae
11.1%
57-48Bill Dickey
8.5%
166-190Ken Boyer
8.1%
82-104Larry Parrish
7.9%
1236-1055Joe Cronin
6.8%
65-96Jim Lemon
6.7%
75-87Joe Adcock
6.6%
37-50Larry Doby
6%
594-544Hank Bauer
6%
305-308Joe Gordon
5.8%
203-176Gabby Hartnett
5.6%
0-1Rudy York
4.2%
32-44Toby Harrah
3.9%
19-14Gene Tenace
3%
364-469Del Crandall
2.6%
21-56Jim Bottomley
2.6%
135-227Mickey Vernon
2%
58-96Bob Elliott
1.4%

You're not logged in!

Compare scores with friends on all Sporcle quizzes.
OR
Log In

Sporcle TV

Today on Sporcle TV


Watch our educational content, quiz creation guides, and fun videos on Sporcle TV.

Show Comments

Extras

Top Quizzes Today


Score Distribution

Paid Content

Your Account Isn't Verified!

In order to create a playlist on Sporcle, you need to verify the email address you used during registration. Go to your Sporcle Settings to finish the process.

Report this User

Report this user for behavior that violates our Community Guidelines.

Details: